| 000 | 00343nam a2200133 i 4500 | ||
|---|---|---|---|
| 001 | bg | ||
| 100 | 1 | _aPOLOWCZYK, M. | |
| 245 | 0 |
_aElementy i przyrządy półprzewodnikowe powszechnego zastosowania / _cM. Polowczyk. |
|
| 260 |
_aWarszawa, _c1986. |
||
| 040 | _cBPK | ||
| 041 | _apol | ||
| 942 | _cKS | ||
| 008 | s pl f |000 0 pol | ||
| 999 |
_c3760 _d3760 |
||
| 856 |
_uhttp://koha.tu.koszalin.pl/cgi-bin/koha/opac-detail.pl?biblionumber=3760 _yKatalog online BPK |
||